000 00863nam a2200229Ii 4500
003 JO-AjNU
008 230605s9999||||xx |||||||||||||| ||und||
017 _a1997/7083
020 _a977-01-5215-3
040 _aJO-AjNU
_bara
_erda
_cJO-AjNU
041 _aara
050 1 4 _aPJ7862.H59.Z68 1997
100 3 _aحبيب، سامية,
_eauthor
_957029
245 0 0 _aدلالة المقاومة في مسرح عبد الرحمن الشرقاوي
264 3 1 _aالقاهرة: الهيئة المصرية العامة للكتاب، 1997
300 _a227ص
_bالمراجع ص 199-214 ؛ تراجم الاعلام ص 215-221
336 _atext
_btxt
_2rdacontent
337 _aunmediated
_bn
_2rdamedia
338 _avolume
_bnc
_2rdacarrier
490 0 _aدراسات ادبية
650 4 _aالمسرحية العربية- مصر- تاريخ ونقد
_957030
999 _aA25532
_c29100
_d29100